000
00275nam a22001217a 4500
008
170922b xxu||||| |||| 00| 0 eng d
041
_a
eng
080
_a
902
100
_a
45
101
_a
ARK
245
_a
INTRODUCTORY READINGS IN ARCHAEOLOGY
_c
FAGAN,B,M
942
_2
udc
_c
BK
999
_c
28919
_d
28919